Real analysis

Αποθηκεύτηκε σε:
Λεπτομέρειες βιβλιογραφικής εγγραφής
Κύριος συγγραφέας: Carothers, N.L. 1952-
Μορφή: Βιβλίο
Γλώσσα:English
Δημοσίευση: Cambridge [UK] ; New York : Cambridge University Press, 2000
Θέματα:
Ετικέτες: Προσθήκη ετικέτας
Δεν υπάρχουν, Καταχωρήστε ετικέτα πρώτοι!

MARC

LEADER 00000nam a2200000 i 4500
001 1/50888
008 070807s2000 eng d
020 |a 0-521-49756-6 
035 |l 10089573 
040 |a GR-MY-UA  |b gre  |e aacr 
041 0 |a eng 
082 0 |a 515  |2 (22) 
100 1 |a Carothers, N.L.  |d 1952- 
245 1 0 |a Real analysis /  |c N.L. Carothers 
260 |a Cambridge [UK] ; New York :   |b Cambridge University Press,   |c 2000 
300 |a xiii, 401 σ.;  |b εικ.;  |c 25 εκ. 
504 |a Περιλαμβάνει βιβλιογραφικές παραπομπές (σ. 379-393) και ευρετήριο. 
650 0 0 |a Mathematical analysis. 
852 |a INST  |b SAMOS  |e 20070807  |h 515 CAR  |p 005300025595  |q 005300025595  |t BK  |y 4  |x 20200312 
852 |a INST  |b SAMOS  |e 20080208  |h 515 CAR  |p 005300026855  |q 005300026855  |t BK  |y 0 
901 |a BIBL3-2008-1 
901 |a BIBL3-2007-2 
909 |a Σ  |b 142373 
909 |a Σ  |b 137144 
922 |a 3ΕΛΗ  |b 200712  |c ΕΠΕΑΕΚ2/ΤΜΗΜΑ ΜΑΘΗΜΑΤΙΚΩΝ  |d ΕΛΕΥΘΕΡΟΥΔΑΚΗΣ 
922 |a 3ΕΛΗ  |b 200707  |c ΕΠΕΑΕΚ2/ΤΜΠΕΣ  |d ΠΑΠΑΣΩΤΗΡΙΟΥ 
970 |a ΣΙΤΖΙΜΗ  |b ΓΙΑΣΕΜΗ  |z 2007/08/07